| 000 | 02598nam a22003257a 4500 | ||
|---|---|---|---|
| 003 | NALT | ||
| 005 | 20241116145647.0 | ||
| 008 | 241006b th ||||| |||| 00| 0 tha d | ||
| 020 | _a9786167858111 | ||
| 040 | _aNALT | ||
| 041 | _atha | ||
| 090 |
_aAZ 470.B3 _bธ145 2560 |
||
| 245 | 0 | 0 |
_aธนบัตร ร.9 : _b70 ปี ใต้ร่มพระบารมี / _cผู้เรียบเรียง สุมัยวดี เมฆสุต ... [และคนอื่นๆ] ; บรรณาธิการ พิมพ์พัณธุ์ หาญศรีสกุล. |
| 250 | _aพิมพ์ครั้งที่ 2. | ||
| 260 |
_aกรุงเทพฯ : _bพิพิธภัณฑ์ศิลปะไทย, _c2560. |
||
| 300 |
_a405 หน้า : _bภาพประกอบ ; _c31 ซม. |
||
| 505 | 2 | _aธนบัตรแบบ 9 -- ธนบัตรแบบ 10 -- ธนบัตรแบบ 11 -- ธนบัตรแบบ 12 -- ธนบัตรแบบ 13 -- ธนบัตรแบบ 14 -- ธนบัตรแบบ 15 -- ธนบัตรแบบ 16 -- บัตรธนาคารและธนบัตรที่ระลึก -- ธนบัตรหมวดคร่อม / หมวดชน -- ตัวอย่างธนบัตร -- ธนบัตรเลขสวย -- มูลค่าของธนบัตรสะสม ที่จำหน่ายใน พ.ศ. 2560 -- รายนามและรายเซ็นรัฐมนตรีว่าการกระทรวงการคลังและผู้ว่าการธนาคารแห่งประเทศไทยในธนบัตรรัชกาลที่ 9. | |
| 600 | 0 | 4 |
_aภูมิพลอดุลยเดช, _cพระบาทสมเด็จพระปรมินทรมหา, _d2470-2559 _9361 |
| 650 | 4 |
_aธนบัตร _zไทย _913722 |
|
| 650 | 4 |
_aธนบัตร _zไทย _xภาพ _951189 |
|
| 650 | 4 |
_aธนบัตร _xประวัติ _922052 |
|
| 700 | 0 |
_aสุมัยวดี เมฆสุต _927093 |
|
| 700 | 0 |
_aสันต์ชัย วงศ์ศราวณีย์ _927094 |
|
| 700 | 0 |
_aปัทมาพร ไชยเชษฐ์พิพัฒกุล _914693 |
|
| 700 | 0 |
_aกันทิมา ว่องเวียงจันทร์ _921067 |
|
| 710 | 2 |
_aพิพิธภัณฑ์ศิลปะไทย _927096 |
|
| 850 | _aNALT | ||
| 942 |
_2local _cREF |
||
| 996 |
_aphornvitoo _bCATSTF _c2024-10-06 |
||
| 999 |
_c105964 _d105964 |
||
| 998 |
_j3099 _k พรวิทู โค้วคชาภรณ์ |
||